[Event "It"]
[Site "Ashdod ISR"]
[Date "2004.12.10"]
[Round "1"]
[White "Kaidanov,G"]
[Black "Rozentalis,E"]
[Result "0-1"]
[WhiteElo "2611"]
[BlackElo "2595"]
[EventDate "2004.12.10"]

1. e4 e5 2. Nf3 Nf6 3. Nxe5 d6 4. Nf3 Nxe4 5. d4 d5 6. Bd3 Be7 7. O-O Nc6
8. Re1 Nf6 9. Bg5 O-O 10. c3 h6 11. Bh4 Nh5 12. Bxe7 Nxe7 13. Nbd2 Nf4 14.
Bc2 Bg4 15. Nf1 Neg6 16. Ne3 Qd7 17. h3 Be6 18. h4 Bg4 19. g3 Nh3+ 20. Kg2
f5 21. Rh1 Rae8 22. Nf1 Nxh4+ 23. gxh4 Nf4+ 24. Kg1 Ne2+ 25. Kg2 Nf4+ 26.
Kg1 Re2 27. Qc1 Bxf3 28. Qxf4 Bxh1 29. Bd3 Re4 30. Bxe4 fxe4 31. Qh2 Bf3
32. Ne3 Rf6 33. Qg3 Kh7 34. Kh2 Bh5 35. Rg1 Rf3 36. Qg2 Qd6+ 37. Kh1 Qf6
38. Rf1 Qxh4+ 39. Kg1 Rf6 0-1

[Event "It"]
[Site "Ashdod ISR"]
[Date "2004.12.11"]
[Round "2"]
[White "Rozentalis,E"]
[Black "Avrukh,B"]
[Result "1/2-1/2"]
[WhiteElo "2595"]
[BlackElo "2614"]
[EventDate "2004.12.10"]

1. e4 c5 2. Nf3 Nc6 3. c3 Nf6 4. e5 Nd5 5. Bc4 e6 6. O-O d6 7. d4 cxd4 8.
cxd4 Be7 9. exd6 Qxd6 10. Nc3 O-O 11. Re1 a6 12. Bb3 Rd8 13. Nxd5 exd5 14.
Ne5 Nxe5 15. Bf4 Bg4 16. dxe5 Qg6 17. Qd4 b6 18. e6 Bxe6 19. Qxb6 Bf6 20.
Be5 Bh3 21. Bg3 Be6 22. Be5 Bh3 23. Bg3 Be6 1/2-1/2

[Event "It"]
[Site "Ashdod ISR"]
[Date "2004.12.11"]
[Round "2"]
[White "Smirin,I"]
[Black "Kaidanov,G"]
[Result "1/2-1/2"]
[WhiteElo "2673"]
[BlackElo "2611"]
[EventDate "2004.12.10"]

1. e4 e5 2. Nf3 Nc6 3. Bb5 a6 4. Ba4 Nf6 5. O-O Nxe4 6. d4 b5 7. Bb3 d5 8.
dxe5 Be6 9. Nbd2 Nc5 10. c3 Be7 11. Bc2 d4 12. Nb3 d3 13. Nxc5 dxc2 14.
Qxd8+ Rxd8 15. Nxe6 fxe6 16. Be3 Rd5 17. c4 bxc4 18. Rac1 Nb4 19. a3
1/2-1/2